Histoire Politique Française #4 - Statistiques

Statistiques générales
  • Ce quiz a été pris 22 fois
  • Le résultat moyen est 5 sur 17
Statistiques - réponses
Questions Réponses % Correct
Dans quelle organisation politique se retrouve l'extrême droite nostalgique de l'Ancien Régime au lendemain de la Grande Guerre ? L'Action française de Charles Maurras (antiparlementaire )
75%
Quel mouvement, qui monte en puissance divise le socialisme ? Le communisme
75%
Quel traité signe la fin de la guerre ainsi que les conditions de remboursement des perdants ? Le Traité de Versailles
69%
Quelle organisation remporte les élections législatives de 1924 ? Le cartel des gauches
50%
Qui est président de 1924 à 1931 ? Gaston Doumergue
31%
Que se passe-t-il le 22 Octobre 1929 ? Jeudi Noir (Début de la grande dépression)
31%
Quel région le ministère Poincaré envahit ? La Ruhr
31%
Sur quel plan remporte-il de bons résultats ? Economique (redressement du franc )
25%
Quelle question occupe alors de nouveau les débats en France ? La question religieuse / laïcité / relation avec le Vatican
19%
Qu'est proclamée par Clemenceau le 11 novembre 1918 (pas l'armistice) L'Union sacrée
19%
Quel scandale entraîne sa démission ? Scandale de la gazette du franc (connaît les placements boursiers à faire en avance )
19%
Quel est le point commun qui unit le bloc national ? L'anti-communisme
13%
Pour quelle raison le bloc national s'effrite-t-il ? La question des réparations allemandes
13%
Que se passe-t-il de novembre 1925 à juillet 1926 ? La valse des ministères
13%
Qu'est ce qui se constitue autour de Poincaré et son ministère de juillet 1926 à Juillet 1929 ? L'Union nationale
13%
Quel plan américain entraîne le renversement du ministère Briand (plan réduisant la dette allemande) ? Plan Young (Briand l'accepte et est renversé )
13%
Par qui la droite parlementaire est elle représentée ? Républicains modérés (anciens opportunistes)
13%
Aucun quiz correspondant
Distribution des résultats
% des personnes avec chaque résultat
Percentile par nombre de réponses
Votre historique - résultats
Vous n’avez pas pris ce quiz